Capoluoghi che iniziano con la T - Statistics

Statistiche generali
  • Questo quiz è stato fatto 81 volte
  • Il punteggio medio è 9 su 9
Statistiche sulle risposte
Popolazione (ab.) Regione Capoluogo % Corretto
878 074 Piemonte Torino
100%
67 742 Sicilia Trapani
100%
118 229 Trentino-Alto Adige Trento
100%
204 338 Friuli-Venezia Giulia Trieste
100%
199 561 Puglia Taranto
98%
111 189 Umbria Terni
95%
55 972 Puglia Trani
91%
85 136 Veneto Treviso
91%
54 279 Abruzzo Teramo
88%
Nessun quiz corrispondente trovato
Distribuzione punteggi
Percentuale di utenti per punteggio
Percentile per numero di risposta
I tuoi punteggi nel tempo
Non hai fatto questo quiz